Địa chí văn hóa xã Vĩnh Hào

Giới thiệu lịch sử địa lý xã Vĩnh Hào, kinh tễ xã hội, tín ngưỡng và phong tục tập quán.

সংরক্ষণ করুন:
গ্রন্থ-পঞ্জীর বিবরন
বিন্যাস: গ্রন্থ
ভাষা:Undetermined
প্রকাশিত: Hà Nội Khoa học Xã hội 2011
বিষয়গুলি:
ট্যাগগুলো: ট্যাগ যুক্ত করুন
কোনো ট্যাগ নেই, প্রথমজন হিসাবে ট্যাগ করুন!
Thư viện lưu trữ: Trung tâm Học liệu Trường Đại học Cần Thơ
LEADER 00829nam a2200193Ia 4500
001 CTU_170580
008 210402s9999 xx 000 0 und d
082 |a 390.0959738 
082 |b Đ301 
245 0 |a Địa chí văn hóa xã Vĩnh Hào 
245 0 |c Bùi Văn Tam, Nguyễn Văn Nhiên (Khảo cứu và biên soạn) 
260 |a Hà Nội 
260 |b Khoa học Xã hội 
260 |c 2011 
520 |a Giới thiệu lịch sử địa lý xã Vĩnh Hào, kinh tễ xã hội, tín ngưỡng và phong tục tập quán. 
650 |a Names, Geographical,Tên, địa lý 
650 |z Vietnam,Nam Dinh (Vietnam : Province),Việt Nam,Tỉnh Nam Định 
904 |i Nguyễn Thị Mỹ Trân, Năm 
980 |a Trung tâm Học liệu Trường Đại học Cần Thơ